[Event "Challenge"]
[Site "http://www.queenalice.com/game.php?id=532125"]
[Date "2009.1.30"]
[Round "-"]
[White "sitonapotatopanotis"]
[Black "Fernando_cun"]
[Result "0-1"]
[WhiteElo "1376"]
[BlackElo "1586"]

1. d4 g6 2. e3 Bg7 3. c3 Nh6 4. Qf3 d5 5. h3 Bf5 6. Na3 c6 7. g4 Be4 8. Qg3 Bxh1
9. f3 f5 10. g5 Qd6 11. Qh4 Qh2 12. gxh6 Bxh6 13. Qxh6 Qxg1 14. Qg7 Qg3+ 15. Kd2
Rf8 16. Be2 Bxf3 17. b3 Qf2 18. c4 Qxe2+ 19. Kc3 Qe1+ 20. Kb2 Qe2+ 21. Nc2 dxc4
22. d5 Be4 23. Qc3 cxb3 24. axb3 cxd5 25. Qc8+ Kf7 26. Qxb7 Qxc2+ 27. Ka3 d4 28.
Qxa8 Bxa8 29. exd4 Bd5 30. Ka4 Qxb3+ 31. Ka5 Nc6+ 32. Ka6 Bc4# 0-1

[Event "Challenge"]
[Site "http://www.queenalice.com/game.php?id=535886"]
[Date "2009.2.6"]
[Round "-"]
[White "alvinho"]
[Black "sitonapotatopanotis"]
[Result "0-1"]
[WhiteElo "1474"]
[BlackElo "1589"]

1. e4 e5 2. Bc4 Qg5 3. Qf3 Qf4 4. Nh3 Qxf3 5. gxf3 h6 6. Nc3 c6 7. d3 d5 8. exd5
Bxh3 9. dxc6 bxc6 10. Ne4 f5 11. Nc5 Bxc5 12. Be3 Bxe3 13. fxe3 Nf6 14. O-O-O
Nbd7 15. e4 fxe4 16. fxe4 Ng4 17. Rd2 O-O-O 18. Rg1 h5 19. Ba6+ Kb8 20. c4 Nc5
21. Bb5 Nxd3+ 22. Kc2 Ne3+ 23. Kc3 cxb5 24. Rxd3 Rxd3+ 25. Kxd3 Nxc4 26. b3 Rd8+
27. Kc3 Rd4 28. Rxg7 Ne3 29. Rh7 b4+ 30. Kb2 Nd1+ 31. Kc1 Bg4 32. h3 Bf3 33. a4
Ne3 34. Kb2 Bxe4 35. Rxh5 Rd2+ 36. Kc1 Rc2+ 37. Kb1 Bd5 38. Rxe5 Re2 39. h4 Bxb3
40. Rb5+ Kc7 41. Rxb4 Ba2+ 42. Kc1 Rc2# 0-1

[Event "Challenge"]
[Site "http://www.queenalice.com/game.php?id=535973"]
[Date "2009.2.6"]
[Round "-"]
[White "paloberto"]
[Black "sitonapotatopanotis"]
[Result "0-1"]
[WhiteElo "1670"]
[BlackElo "1366"]

1. e4 Nc6 2. Nf3 e5 3. Bb5 Nb4 4. c3 c6 5. Bc4 b5 6. Be2 Na6 7. Nxe5 Qg5 8. d4
Qxg2 9. Rf1 h6 10. Nf3 Nf6 11. Rg1 Qh3 12. Nbd2 b4 13. c4 b3 14. Qxb3 Rb8 15.
Qa4 Bb4 16. a3 Bxd2+ 17. Kxd2 Nxe4+ 18. Ke3 Ng5 19. Rg3 Qf5 20. Bd3 Qe6+ 21. Kd2
Qf6 22. Qd1 d5 23. c5 O-O 24. Kc2 Nb4+ 25. axb4 Rxb4 26. Be3 Rc4+ 27. Bxc4 dxc4
28. Bxg5 hxg5 29. Rxg5 Bf5+ 30. Kc3 Bd3 31. Rg3 Rd8 32. Rxa7 Rb8 33. Ra3 Qe7 34.
Ne5 Qb7 35. Nxd3 cxd3 36. Rxd3 Qxb2+ 0-1

[Event "Let's Play Chess!"]
[Site "http://www.queenalice.com/game.php?id=603184"]
[Date "2009.6.14"]
[Round "-"]
[White "sitonapotatopanotis"]
[Black "subzila"]
[Result "0-1"]
[WhiteElo "1541"]
[BlackElo "1707"]

1. f4 d5 2. e3 Nf6 3. d3 g6 4. h3 Bg7 5. Nf3 O-O 6. c3 c5 7. Be2 Re8 8. O-O d4
9. exd4 cxd4 10. Nxd4 e5 11. fxe5 Rxe5 12. Bf4 Rd5 13. Bf3 Rxd4 14. cxd4 Qxd4+
15. Rf2 Nc6 16. Nc3 Bf5 17. Ne2 Qxd3 18. g4 Qxd1+ 19. Rxd1 h5 20. g5 Ne4 21.
Rff1 Re8 22. Rd5 Bxb2 23. Rb1 Be5 0-1

[Event "Let's Play Chess!"]
[Site "http://www.queenalice.com/game.php?id=603185"]
[Date "2009.6.14"]
[Round "-"]
[White "subzila"]
[Black "sitonapotatopanotis"]
[Result "1-0"]
[WhiteElo "1697"]
[BlackElo "1554"]

1. e4 e5 2. Nf3 d6 3. Bc4 Be6 4. Bxe6 fxe6 5. b3 Nc6 6. O-O h6 7. c4 Nd4 8. Nxd4
exd4 9. d3 g5 10. Qh5+ Kd7 11. Qf7+ Be7 12. Nd2 Nf6 13. Nf3 Rh7 14. Qg6 c5 15.
e5 Qe8 16. Qxe8+ Nxe8 17. Ba3 g4 18. exd6 Bxd6 19. Rab1 gxf3 20. g3 Nf6 21. h3
b6 22. b4 h5 23. bxc5 1-0

[Event "Let's Play Chess!"]
[Site "http://www.queenalice.com/game.php?id=610275"]
[Date "2009.6.28"]
[Round "-"]
[White "sitonapotatopanotis"]
[Black "sioux"]
[Result "0-1"]
[WhiteElo "1566"]
[BlackElo "1743"]

1. d4 d5 2. c3 Nc6 3. Bf4 e6 4. g3 Nf6 5. e3 Bd6 6. Qf3 Bxf4 7. Qxf4 O-O 8. Bd3
h6 9. Qf3 b6 10. Na3 a5 11. Nb5 Ba6 0-1